| 000 | 00450nam a22001337a 4500 | ||
|---|---|---|---|
| 020 | _a9789506947958 | ||
| 080 | _a341 T 687 | ||
| 245 |
_aTransitando los inicios del siglo XXI _blas relaciones internacionales de Argentina, Chile y Mexico |
||
| 260 |
_aBuenos Aires _bGrupo Editor Latinoamericano _c2007 |
||
| 300 | _a288 p. | ||
| 650 |
_xderecho internacional _xrelaciones internacionales _xseguridad _xmercosur |
||
| 942 | _6_ | ||
| 945 |
_asa _d2014-11-20 |
||
| 999 |
_c2755 _d233259 |
||